| 000 | 00835cam a2200241 a 4500 | ||
|---|---|---|---|
| 999 |
_c6833 _d6833 |
||
| 001 | 4788521 | ||
| 003 | GBCCL | ||
| 005 | 20241126110613.0 | ||
| 008 | 870602s1987 miuaf 000 0 eng | ||
| 010 | _a 87050612 | ||
| 020 | _a0310951682 | ||
| 040 |
_aDLC _cDLC _dDLC |
||
| 050 | 0 | 0 |
_aBS195 _b.A53 1987 |
| 082 | 0 | 0 |
_a220.52 _219 _bBIB |
| 130 | 0 |
_aBible. _lEnglish. _sAmplified. _f1987. _912245 |
|
| 245 | 1 | 4 | _aThe amplified Bible, containing the amplified Old Testament and the amplified New Testament. |
| 250 | _aExpanded ed. | ||
| 260 |
_aGrand Rapids, Mich. : _bZondervan, _cc1987. |
||
| 300 |
_ax, 1514, 192 p., [8] p. of plates : _bcol. ill. ; _c23 cm. |
||
| 856 | 4 | 2 |
_3Publisher description _uhttp://www.loc.gov/catdir/enhancements/fy0633/87050612-d.html |
| 906 |
_a7 _bcbc _corignew _d2 _eocip _f19 _gy-gencatlg |
||
| 942 |
_2ddc _cREF |
||